000 00504nam a2200193Ia 4500
005 20230807113202.0
008 131103s9999 xx 000 0 und d
020 _a345356810
040 _aLoreto College
041 _aEnglish
082 _aF
_bGAR
100 _aGardner,Erle Stanley
245 4 _aThe case of the Duplicate Daughter
_cErle Stanley Gardner
260 _aNew York
_bBallantine Books
_c1960
300 _avii,194 p.
650 _aFiction in English
850 _aLCLIB
942 _cBK
999 _c14213
_d64692